Por tierras del Inca: Itenerario descriptivo, histórico, romántico de un viaje por el sur del Perú

Guardat en:
Dades bibliogràfiques
Autor principal: Vergara Vicuña, Aquiles (Autor)
Format: Llibre
Idioma:espanyol
Publicat: Santiago Imprenta La Sud Americana 1931
Edició:1a. ed
Matèries:
Etiquetes: Afegir etiqueta
Sense etiquetes, Sigues el primer a etiquetar aquest registre!

MARC

LEADER 00000nam a2200000 a 4500
001 UCJ3207
003 CL-VaPUC
008 070124e19310000CL |||||||||||||||||spa|d
082 0 4 |a 910.4  |b VER  |2 21 
100 0 |a Vergara Vicuña, Aquiles  |e author  |9 504878 
245 1 0 |a Por tierras del Inca: Itenerario descriptivo, histórico, romántico de un viaje por el sur del Perú 
250 |a 1a. ed 
300 |a 161 p 
942 |c BK 
945 |d 20070124 00:00:00  |a rinostro 
260 |a Santiago  |b Imprenta La Sud Americana  |c 1931 
650 0 |a Viajeros  |9 267525 
650 7 |a TIPOS Y COSTUMBRES  |2 CL-VaPUC  |9 504879 
650 0 |a Arqueología   |9 265619 
650 0 |a Etnología   |9 258726 
651 0 |a Perú  |9 256567 
583 |a last modification  |c 20070124 00:00:00  |k Rodrigo Vera 
999 |c 319329  |d 319327 
952 |0 0  |1 0  |4 0  |6 910_400000000000000_VER_1931  |7 0  |8 X  |9 397634  |a FDOBUD  |b FDOBUD  |d 2019-11-22  |i 1000780  |o 910.4 VER 1931  |p 1000780  |r 2019-11-22  |w 2019-11-22  |y BK_X  |k BUD